Pays d'origine de personnalités célèbres - 2 - Statistiques

Statistiques générales
  • Ce quiz a été pris 226 fois
  • Le résultat moyen est 15 sur 26
Statistiques - réponses
Personnalité Pays % Correct
Jackie Chan Chine
87%
Greta Thunberg Suède
80%
Ángel Di María Argentine
77%
Roger Federer Suisse
77%
Piotr Ilitch Tchaïkovski Russie
76%
Augusto Pinochet Chili
73%
Bong Joon-ho Corée du Sud
73%
Conor McGregor Irlande
71%
Giánnis Antetokoúnmpo Grèce
69%
Joseph Staline Géorgie
66%
Frida Kahlo Mexique
66%
Aya Nakamura Mali
64%
Sadio Mané Sénégal
64%
James Cook Royaume-Uni
62%
Moïse Egypte
61%
Ryan Gosling Canada
55%
Bouddha Népal
55%
Damso République Démocratique du Congo
55%
Nicolas Copernic Pologne
48%
Gal Gadot Israël
46%
Vlad III l'Empaleur Roumanie
45%
Cate Blanchett Australie
37%
Mère Teresa Macédoine du Nord
29%
Élie Kakou Tunisie
28%
Nicki Minaj Trinité-et-Tobago
21%
Ernest Rutherford Nouvelle-Zélande
8%
Aucun quiz correspondant
Distribution des résultats
% des personnes avec chaque résultat
Percentile par nombre de réponses
Votre historique - résultats
Vous n’avez pas pris ce quiz